000
00306nam a2200133Ia 4500
100
_a
Antoniou andreas
942
_c
BK
654
_a
analysis & design
245
_a
Digital filters: analysis & design
260
_b
Tata Mc Graw hill
_a
New Delhi
_c
1992
300
_a
524
546
_a
ENGLISH
999
_c
31287
_d
31287